| 000 | 01283nam a2200385 i 4500 | ||
|---|---|---|---|
| 001 | 8239 | ||
| 003 | KOSZ 005 | ||
| 005 | 20221025095323.0 | ||
| 008 | 080722s1962 pl a f 000 0 pol | ||
| 015 | _aPB 1963/376 | ||
| 040 |
_aWA N _cWA N _dKOSZ 005/RW _dKOSZ 005/HR |
||
| 041 | 1 |
_apol _hfre |
|
| 046 | _k1962 | ||
| 080 | _a620.1 | ||
| 080 | _a669.017 | ||
| 245 | 0 | 0 |
_aZmęczenie metali : _bpraca zbiorowa / _c[aut. George Sines et al.] ; tł. Andrzej Turno. |
| 246 | 1 |
_iTyt. oryg.: _aMetal fatigue _f1959. |
|
| 260 |
_aWarszawa : _bWydawnictwa Naukowo-Techniczne, _c1962. |
||
| 300 |
_a378, [2] s. : _bil. ; _c25 cm. |
||
| 336 |
_2rdacontent _aTekst _btxt |
||
| 337 |
_2rdamedia _aBez urządzenia pośredniczącego _bn |
||
| 338 |
_2rdacarrier _aWolumin _bnc |
||
| 380 | _aKsiążki. | ||
| 388 | _a1901-2000 | ||
| 388 | _a1945-1989 | ||
| 504 | _aBibliogr. przy rozdz. | ||
| 650 | 4 | _aMetale | |
| 650 | 4 | _aWytrzymałość materiałów | |
| 658 | _aInżynieria i technika | ||
| 700 | 1 |
_aSines, George _eAutor |
|
| 700 | 1 |
_aTurno, Andrzej _eTłumaczenie |
|
| 710 | 2 |
_aWydawnictwa Naukowo-Techniczne _4pbl. |
|
| 856 |
_uhttp://koha.tu.koszalin.pl/cgi-bin/koha/opac-detail.pl?biblionumber=8239 _yKatalog online BPK |
||
| 942 |
_2UKD _cKS |
||
| 999 |
_c8239 _d8239 |
||